<?xml version="1.0" encoding="UTF-8"?>
<record
    xmlns:xsi="http://www.w3.org/2001/XMLSchema-instance"
    xsi:schemaLocation="http://www.loc.gov/MARC21/slim http://www.loc.gov/standards/marcxml/schema/MARC21slim.xsd"
    xmlns="http://www.loc.gov/MARC21/slim">

  <leader>01034nam a22002057a 4500</leader>
  <controlfield tag="008">160222b        xxu||||| |||| 00| 0 eng d</controlfield>
  <datafield tag="082" ind1=" " ind2=" ">
    <subfield code="a">708</subfield>
    <subfield code="b">B891b</subfield>
  </datafield>
  <datafield tag="100" ind1=" " ind2=" ">
    <subfield code="a">Brugnera, Luiz Carlos</subfield>
    <subfield code="9">4744</subfield>
  </datafield>
  <datafield tag="245" ind1=" " ind2=" ">
    <subfield code="a">Brugnera Luis Carlos</subfield>
    <subfield code="c">Luis Carlos Brugnera; Fernando Cocchiarale</subfield>
  </datafield>
  <datafield tag="260" ind1=" " ind2=" ">
    <subfield code="a">Curitiba: </subfield>
    <subfield code="b">Instituto Paranaense de Arte, </subfield>
    <subfield code="c">2007</subfield>
  </datafield>
  <datafield tag="300" ind1=" " ind2=" ">
    <subfield code="a">189 p. </subfield>
    <subfield code="b">ill. (col.)</subfield>
    <subfield code="c">21 cm.</subfield>
  </datafield>
  <datafield tag="500" ind1=" " ind2=" ">
    <subfield code="a">Textos en portugu&#xE9;s e ingl&#xE9;s.</subfield>
  </datafield>
  <datafield tag="505" ind1=" " ind2=" ">
    <subfield code="t">Fernando Cocchiarale</subfield>
    <subfield code="t"> Laura Buccellato</subfield>
    <subfield code="t">Jo&#xE3;o Henrique do Amaral</subfield>
    <subfield code="t">Nilza Knechtel Procopiak</subfield>
    <subfield code="t">Desenhos e Outros</subfield>
    <subfield code="t">Casa</subfield>
    <subfield code="t">Varais Micro e Macro</subfield>
    <subfield code="t">Moto</subfield>
    <subfield code="t">Exposi&#xE7;&#xF5;es </subfield>
    <subfield code="t">Descri&#xE7;&#xE3;o T&#xE9;cnica </subfield>
    <subfield code="t">Resumos Biogr&#xE1;ficos dos Autores dos Textos Cr&#xED;ticos </subfield>
    <subfield code="t">Textos Cr&#xED;ticos (texts in english)</subfield>
    <subfield code="t">Curr&#xED;culo do Artista</subfield>
  </datafield>
  <datafield tag="600" ind1=" " ind2=" ">
    <subfield code="a">Brugnera, LuizCarlos </subfield>
    <subfield code="b">1966 - </subfield>
    <subfield code="v">Exhibiciones</subfield>
    <subfield code="9">4745</subfield>
  </datafield>
  <datafield tag="650" ind1=" " ind2=" ">
    <subfield code="a">Arte Brasile&#xF1;o</subfield>
    <subfield code="x">Exhibiciones</subfield>
    <subfield code="y">S 21</subfield>
    <subfield code="9">4746</subfield>
  </datafield>
  <datafield tag="700" ind1=" " ind2=" ">
    <subfield code="a">Cocchiarale, Fernando</subfield>
    <subfield code="9">4317</subfield>
  </datafield>
  <datafield tag="700" ind1=" " ind2=" ">
    <subfield code="a">Buccellato, Laura</subfield>
    <subfield code="9">4747</subfield>
  </datafield>
  <datafield tag="700" ind1=" " ind2=" ">
    <subfield code="a">do Amaral, Jo&#xE3;o Henrique</subfield>
    <subfield code="9">4748</subfield>
  </datafield>
  <datafield tag="700" ind1=" " ind2=" ">
    <subfield code="a">Knechtel Procopiak, Nilza</subfield>
    <subfield code="9">4749</subfield>
  </datafield>
  <datafield tag="999" ind1=" " ind2=" ">
    <subfield code="c">861</subfield>
    <subfield code="d">861</subfield>
  </datafield>
  <datafield tag="952" ind1=" " ind2=" ">
    <subfield code="0">0</subfield>
    <subfield code="1">0</subfield>
    <subfield code="2">ddc</subfield>
    <subfield code="4">0</subfield>
    <subfield code="7">0</subfield>
    <subfield code="a">LV</subfield>
    <subfield code="b">LV</subfield>
    <subfield code="c">Monograf&#xED;as</subfield>
    <subfield code="d">2016-02-22</subfield>
    <subfield code="l">0</subfield>
    <subfield code="o">708 B891b</subfield>
    <subfield code="p">000651</subfield>
    <subfield code="r">2016-02-22 00:00:00</subfield>
    <subfield code="w">2016-02-22</subfield>
    <subfield code="y">01</subfield>
  </datafield>
</record>
